Bumboo (Record no. 16175)

MARC details
000 -LEADER
fixed length control field 00374nam a2200157Ia 4500
008 - FIXED-LENGTH DATA ELEMENTS--GENERAL INFORMATION
fixed length control field 220803s9999 xx 000 0 und d
020 ## - INTERNATIONAL STANDARD BOOK NUMBER
International Standard Book Number 9789381337882
041 ## - LANGUAGE CODE
Language code of text/sound track or separate title eng
082 ## - DEWEY DECIMAL CLASSIFICATION NUMBER
Classification number 712.36 PAD
100 ## - MAIN ENTRY--PERSONAL NAME
Personal name Padmanabhan S
9 (RLIN) 25374
245 ## - TITLE STATEMENT
Title Bumboo
260 ## - PUBLICATION, DISTRIBUTION, ETC. (IMPRINT)
Place of publication, distribution, etc. India
Name of publisher, distributor, etc. Eco Systems
Date of publication, distribution, etc. 2014
300 ## - PHYSICAL DESCRIPTION
Extent 14p
500 ## - GENERAL NOTE
Keywords LANDS
650 ## - SUBJECT ADDED ENTRY--TOPICAL TERM
Topical term or geographic name as entry element Landscape Architecture
9 (RLIN) 25375
Holdings
Withdrawn status Lost status Damaged status Not for loan Home library Current library Date acquired Vendor Cost, normal purchase price Total Checkouts Full call number Barcode Date last seen Cost, replacement price Bill Date Koha item type Original Barcode
        Dr. Bhanuben Nanavati College of Architecture Dr. Bhanuben Nanavati College of Architecture 25/04/2016 Kalpavriksh 90.00   721.04 PAD BNCA-BK-9841 03/08/2022 90.00 18/04/2016 Books B09841